MyGZULibrary

Women and work in developing societies / (Record no. 3522)

MARC details
000 -LEADER
fixed length control field 01036cam a2200289 i 4500
001 - CONTROL NUMBER
control field 2705736
003 - CONTROL NUMBER IDENTIFIER
control field GZU
005 - DATE AND TIME OF LATEST TRANSACTION
control field 20201202092302.0
008 - FIXED-LENGTH DATA ELEMENTS--GENERAL INFORMATION
fixed length control field 760213r1976 ctu b 001 0 eng
010 ## - LIBRARY OF CONGRESS CONTROL NUMBER
LC control number 76004537
020 ## - INTERNATIONAL STANDARD BOOK NUMBER
International Standard Book Number 0837188369
040 ## - CATALOGING SOURCE
Original cataloging agency DLC
Transcribing agency DLC
Modifying agency DLC
043 ## - GEOGRAPHIC AREA CODE
Geographic area code d------
050 10 - LIBRARY OF CONGRESS CALL NUMBER
Classification number HD 6223
Item number .YOU 1976
082 00 - DEWEY DECIMAL CLASSIFICATION NUMBER
Classification number 331.4/09172/4
100 1# - MAIN ENTRY--PERSONAL NAME
Personal name Youssef, Nadia Haggag.
245 10 - TITLE STATEMENT
Title Women and work in developing societies /
Statement of responsibility, etc. Nadia Haggag Youssef.
260 ## - PUBLICATION, DISTRIBUTION, ETC.
Place of publication, distribution, etc. Westport, Conn. :
Name of publisher, distributor, etc. Greenwood Press,
Date of publication, distribution, etc. 1976, c1974.
300 ## - PHYSICAL DESCRIPTION
Extent x, 137 p. ;
Dimensions 24 cm.
500 ## - GENERAL NOTE
General note Reprint of the ed. published by the Institute of International Studies, University of California, Berkeley, which was issued as no. 15 of the Population monograph series.
500 ## - GENERAL NOTE
General note Includes index.
504 ## - BIBLIOGRAPHY, ETC. NOTE
Bibliography, etc. note Bibliography: p. 129-137.
650 #0 - SUBJECT ADDED ENTRY--TOPICAL TERM
Topical term or geographic name entry element Women
General subdivision Employment
Geographic subdivision Developing countries.
830 #0 - SERIES ADDED ENTRY--UNIFORM TITLE
Uniform title Population monograph series ;
Volume/sequential designation no. 15.
906 ## - LOCAL DATA ELEMENT F, LDF (RLIN)
a 7
b cbc
c orignew
d 1
e ocip
f 19
g y-gencatlg
942 ## - ADDED ENTRY ELEMENTS (KOHA)
Source of classification or shelving scheme Library of Congress Classification
Koha item type Books
Classification part 6223
Item part YOU
Call number prefix HD
Holdings
Withdrawn status Lost status Damaged status Not for loan Collection code Home library Current library Shelving location Date acquired Total Checkouts Full call number Barcode Date last seen Copy number Price effective from Koha item type
        Non-fiction City Campus Library City Campus Library General Stacks 12/02/2020   HD 6223 YOU 1976 024888 12/02/2020 c. 1 12/02/2020 Books